Statistics for Random U.S State to Nickname

Click here to take the quiz!

General Stats

  • This quiz has been taken 130 times
  • The average score is 7 of 10

Answer Stats

Capital CityState% Correct
HawaiiAloha State
100%
WisconsinBadger State
100%
MassachusettsBay State
100%
UtahBeehive State
100%
KentuckyBluegrass State
100%
OhioBuckeye State
100%
ConnecticutConstitution State
100%
NebraskaCornhusker State
100%
New YorkEmpire State
100%
WashingtonEvergreen State
100%
DelawareFirst State
100%
New JerseyGarden State
100%
ArizonaGrand Canyon State
100%
New HampshireGranite State
100%
VermontGreen Mountain State
100%
IowaHawkeye State
100%
IndianaHoosier State
100%
PennsylvaniaKeystone State
100%
New MexicoLand of Enchantment
100%
TexasLone Star State
100%
MississippiMagnolia State
100%
ArkansasNatural State
100%
MinnesotaNorth Star State
100%
VirginiaOld Dominion
100%
South CarolinaPalmetto State
100%
GeorgiaPeach State
100%
LouisianaPelican State
100%
MissouriShow-Me State
100%
NevadaSilver State
100%
OklahomaSooner State
100%
North CarolinaTar Heel State
100%
AlaskaThe Last Frontier
100%
MontanaTreasure State
100%
TennesseeVolunteer State
100%
AlabamaYellowhammer State
100%
KansasSunflower State
75%
ColoradoCentennial State
67%
CaliforniaGolden State
67%
MichiganGreat Lakes State
67%
South DakotaMount Rushmore State
67%
OregonBeaver State
50%
MarylandOld Line State
50%
WyomingEquality State
0%
IdahoGem State
0%
West VirginiaMountain State
0%
Rhode IslandOcean State
0%
North DakotaPeace Garden State
0%
MainePine Tree State
0%
IllinosPrairie State
0%
FloridaSunshine State
0%

Score Distribution

Percentile by Number Answered

Percent of People with Each Score

Your Score History

You have not taken this quiz